LEADER 02206nas 2200613-- 450 001 996216361703316 005 20200615063209.4 035 $a(CKB)110978977558981 035 $a(CONSER)sn-81003232- 035 $a(DE-599)ZDB2151080-5 035 $a(EXLCZ)99110978977558981 100 $a19800228b19782003 -f- a 101 0 $aeng 181 $ctxt$2rdacontent 182 $cc$2rdamedia 183 $acr$2rdacarrier 200 00$aTsetse and trypanosomiasis information quarterly 210 $a[London]$cTsetse and Trypanosomiasis Information and News Service$d-2003 215 $a1 online resource 311 08$aPrint version: Tsetse and trypanosomiasis information quarterly 0142-193X (DLC)sn 81003232 (OCoLC)6032415 531 $aTSETSE TRYPANOS INF Q 531 0 $aTsetse trypanosomiasis inf. q. 606 $aTsetse-flies$vAbstracts$vPeriodicals 606 $aTrypanosomiasis$vAbstracts$vPeriodicals 606 $a44.75 infectious diseases, parasitic diseases$3(NL-LeOCL)077612876$2bcl 606 $aTrypanosomiasis$2fast$3(OCoLC)fst01158280 606 $aTsetse-flies$2fast$3(OCoLC)fst01158330 606 $aTsetse flies$3(NL-LeOCL)078695104$2gtt 606 $aTrypanosomiasis$3(NL-LeOCL)07869499X$2gtt 606 $aTrypanosomiasis 606 $aTrypanosomiasis, African 606 $aTsetse Flies 608 $aAbstracts.$2fast 608 $aPeriodicals.$2fast 608 $aPeriodicals.$2rbgenr 608 $aAbstracts. 615 0$aTsetse-flies 615 0$aTrypanosomiasis 615 7$a44.75 infectious diseases, parasitic diseases. 615 7$aTrypanosomiasis. 615 7$aTsetse-flies. 615 17$aTsetse flies. 615 17$aTrypanosomiasis. 615 12$aTrypanosomiasis. 615 22$aTrypanosomiasis, African. 615 22$aTsetse Flies. 712 02$aTsetse and Trypanosomiasis Information and News Service. 712 02$aCentre for Overseas Pest Research (Great Britain) 712 02$aFood and Agriculture Organization of the United Nations. 906 $aJOURNAL 912 $a996216361703316 920 $aexl_impl conversion 996 $aTsetse and trypanosomiasis information quarterly$92147552 997 $aUNISA LEADER 03730nam 2200637 a 450 001 9910959960603321 005 20251117094620.0 010 $a1-60086-618-2 010 $a1-60086-399-X 035 $a(CKB)2550000000073261 035 $a(EBL)3111459 035 $a(SSID)ssj0000802028 035 $a(PQKBManifestationID)11456844 035 $a(PQKBTitleCode)TC0000802028 035 $a(PQKBWorkID)10795557 035 $a(PQKB)11611933 035 $a(MiAaPQ)EBC3111459 035 $a(Au-PeEL)EBL3111459 035 $a(CaPaEBR)ebr10516443 035 $a(OCoLC)922978746 035 $a(BIP)319943 035 $a(EXLCZ)992550000000073261 100 $a19930217d1992 uy 0 101 0 $aeng 135 $aur|n|---||||| 181 $ctxt 182 $cc 183 $acr 200 00$aComputational nonlinear mechanics in aerospace engineering /$fedited by Satya N. Atluri 205 $a1st ed. 210 $aWashington, D.C. $cAmerican Institute of Aeronautics and Astronautics$dc1992 215 $a1 online resource (563 p.) 225 1 $aProgress in astronautics and aeronautics,$x0079-6050 ;$vv. 146 300 $aDescription based upon print version of record. 311 08$a1-56347-044-6 320 $aIncludes bibliographical references and index. 327 $a""Cover""; ""Title""; ""Copyright""; ""Preface""; ""Table of Contents""; ""Chapter 1. Simplified Computational Methods for Elastic and Elastic-Plastic Fracture Problems""; ""Chapter 2. Field-Boundary Element Method for Nonlinear Solid Mechanics""; ""Chapter 3. Nonlinear Problems of Aeroelasticity""; ""Chapter 4. Finite Element Simulation of Compressible Flows with Shocks""; ""Chapter 5. Fast Projection Algorithm for Unstructured Meshes""; ""Chapter 6. Control of Numerical Diffusion in Computational Modeling of Vortex Flow"" 327 $a""Chapter 7. Stochastic Computational Mechanics for Aerospace Structures""""Chapter 8. Boundary Integral Equation Methods for Aerodynamics""; ""Chapter 9. Theory and Implementation of High-Order Adaptive hp Methods for Analysis of Incompressible Viscous Flows""; ""Chapter 10. Probabilistic Evaluation of Uncertainties and Risks in Aerospace Components""; ""Chapter 11. Finite Element Computation of Incompressible Flows""; ""Chapter 12. Dynamic Response of Rapidly Heated Space Structures"" 327 $a""Chapter 13. Computation of Viscous Compressible Flows Using an Upwind Algorithm and Unstructured Meshes""""Chapter 14. Structural Optimization""; ""Chapter 15. Nonlinear Aeroelasticity and Chaos""; ""Author Index"" 330 $aThis book describes the role of nonlinear computational modeling in the analysis and synthesis of aerospace systems with particular reference to structural integrity, aerodynamics, structural optimization, probabilistic structural mechanics, fracture mechanics, aeroelasticity, and compressible flows. Aerospace and mechanical engineers specializing in computational sciences, damage tolerant design, structures technology, aerodynamics, and computational fluid dynamics will find this text a valuable resource. 410 0$aProgress in astronautics and aeronautics ;$vv. 146. 606 $aAerodynamics$xMathematics 606 $aAirplanes$xMaterials$xMathematical models 606 $aNonlinear mechanics 615 0$aAerodynamics$xMathematics. 615 0$aAirplanes$xMaterials$xMathematical models. 615 0$aNonlinear mechanics. 676 $a629.1/01515355 701 $aAtluri$b Satya N$030967 801 0$bMiAaPQ 801 1$bMiAaPQ 801 2$bMiAaPQ 906 $aBOOK 912 $a9910959960603321 996 $aComputational nonlinear mechanics in aerospace engineering$94478592 997 $aUNINA